Miscelánea en memoria de Don Mario Férotin, 1914-1964. (Record no. 109228)

MARC details
000 -LEADER
campo de control de longitud fija 00622nam a2200181 4500
001 - NÚMERO DE CONTROL
campo de control 109228
003 - IDENTIFICADOR DE NÚMERO DE CONTROL
campo de control ES-MaACL
005 - FECHA Y HORA DE LA ÚLTIMA TRANSACCIÓN
campo de control 20230906184813.0
007 - CAMPO FIJO DE DESCRIPCIÓN FÍSICA--INFORMACIÓN GENERAL
campo de control de longitud fija t|
008 - DATOS DE LONGITUD FIJA--INFORMACIÓN GENERAL
campo de control de longitud fija 061121s1966 sp r ||||1| spa d
245 00 - MENCIÓN DEL TÍTULO
Título Miscelánea en memoria de Don Mario Férotin, 1914-1964.
260 ## - PUBLICACIÓN, DISTRIBUCIÓN, ETC.
Lugar de publicación, distribución, etc. Madrid :
Nombre del editor, distribuidor, etc. C.S.I.C. Instituto Enrique Flórez,
Fecha de publicación, distribución, etc. 1966.
300 ## - DESCRIPCIÓN FÍSICA
Extensión VIII, 560 p., 11 lám. ;
Dimensiones 26 cm.
500 ## - NOTA GENERAL
Nota general Es tirada aparte de Hispania Sacra, v. XVII-XVIII.
600 14 - PUNTO DE ACCESO ADICIONAL DE MATERIA--NOMBRE DE PERSONA
Nombre de persona Férotin, Marius.
9 (RLIN) 50220
710 2# - ENTRADA AGREGADA--NOMBRE DE ENTIDAD CORPORATIVA
Nombre de entidad corporativa o nombre de jurisdicción como elemento de entrada Instituto de Historia Eclesiástica "Padre Enrique Flórez"
9 (RLIN) 4954
852 ## - LOCALIZACIÓN
Ubicación ES-MaACL
Número de control de estantería C-29229
Sublocalización o colección R.59583
Holdings
Estatus retirado Estado de pérdida Estado de daño No para préstamo Biblioteca de origen Biblioteca actual Ubicación en estantería Fecha de adquisición Fuente de adquisición Total de préstamos Signatura topográfica completa Código de barras Visto por última vez Precio de reemplazo Tipo de ítem Koha
        Biblioteca del Ateneo de Madrid Biblioteca del Ateneo de Madrid Depósito 2 17/01/2008     C-29229 1113973 23/02/2023 23/02/2023 Libro impreso